00533nam a22001697a 4500020001800000040000900018082001600027100002700043110007200070245002000142250000800162260003100170650002600201942001200227999001900239952010500258 a9788126558568 cNUST a620.106 FOX aFox, Robert W. 940687 aMcdonald, Alan T. Pritchard, Philip J. Mitchell, John W.983871 aFluid Mechanics a9th aINDIA:bJOHN WILEY,c2015. aFluid Mechanics91678 2ddccBK c586689d586689 00102ddc4070aCEMEbCEMEcGENd2021-11-11l0o620.106 FOXpCEME-49857r2021-11-11w2021-11-11yBK